000 00636nam a2200217Ia 4500
005 20250923145350.0
008 008 250917s9999 xx 000 0 eng d
037 _aTextual
040 _aDSWL
_beng
_cDSWL
041 _aeng
_2eng
084 _aX.1(Y:434), N76
_qDSWL
100 _aMacbean, A.I.
_9834527
245 0 _aMeetong the thrid world challenge
_c by A.I. Macbean
260 _aLondon
_bThe Macmillan Press
_c1976
300 _axvi,272 p.
365 _aINR
_b144 . 0
700 _a V.N. Balasubramanyan
_9834528
925 _g144 . 0
942 _cTEXL
_hX.1(Y:434), N76
999 _c1450491
_d1450491